La conversión del negocio jurídico en el derecho mercantil

Saved in:
Bibliografiske detaljer
Hovedforfatter: Martinic Galetovic, María Dora (autora)
Format: Bog
Sprog:spansk
Udgivet: Santiago Jurídica de Chile 1968
Serier:Seminario de Derecho Comercial, Industrial, Agrícola y de Minería, 8
Fag:
Tags: Tilføj Tag
Ingen Tags, Vær først til at tagge denne postø!

MARC

LEADER 00000nam a2200000 a 4500
001 UCS2062
003 CL-VaPUC
008 970516e19680000CL |||||||||||||||||spa|d
082 0 4 |a 346.07  |b MAR  |2 21 
100 |a Martinic Galetovic, María Dora  |e autora  |9 497121 
245 1 3 |a La conversión del negocio jurídico en el derecho mercantil 
300 |a 96 p 
942 |c BK 
945 |d 19970516 00:00:00  |a paguirre 
260 |a Santiago  |b Jurídica de Chile  |c 1968 
650 0 |a Derecho comercial   |9 256340 
650 0 |a Negocio jurídico  |9 258242 
650 0 |a Derecho comparado  |9 255664 
650 7 |a NULIDAD CIVIL  |2 CL-VaPUC  |9 385514 
583 |a last modification  |c 19970516 00:00:00  |k Rodrigo Vera 
490 0 |a Seminario de Derecho Comercial, Industrial, Agrícola y de Minería, 8 
999 |c 260059  |d 260057 
952 |0 0  |1 0  |4 0  |6 346_070000000000000_MAR_1968  |7 0  |8 A  |9 285644  |a BIBDER  |b BIBDER  |d 2019-11-19  |i 1855891  |o 346.07 MAR 1968  |p 1855891  |r 2023-01-25  |w 2019-11-19  |y BK  |k DER